[Event "20th NATO Chess Ch"]
[Site "?"]
[Date "2009.06.18"]
[Round "5.18"]
[White "Bonnelykke, Ole"]
[Black "Alaslar, Devrim"]
[Result "0-1"]
[WhiteElo "2101"]
[BlackElo "2135"]
[PlyCount "80"]
[SourceDate "2000.01.03"]

1. e4 c5 2. Nc3 Nc6 3. g3 g6 4. Bg2 Bg7 5. d3 d6 6. f4 e6 7. Be3 Nge7 8. Nf3 b6
9. O-O O-O 10. Qd2 d5 11. exd5 exd5 12. Bf2 d4 13. Ne2 Rb8 14. h3 Qd6 15. Rae1
Be6 16. b3 Rbd8 17. g4 f5 18. g5 Nd5 19. h4 Rfe8 20. Kh1 Ne3 21. Bxe3 dxe3 22.
Qc1 Nb4 23. a3 Nd5 24. Nfg1 b5 25. Nh3 Rc8 26. c4 Nc7 27. Qc2 bxc4 28. dxc4 Qd2
29. Qd1 Rb8 30. Bc6 Red8 31. Ba4 Bd7 32. Bxd7 Rxd7 33. Qb1 Rbd8 34. Nhg1 Ne6
35. Nf3 Qd6 36. Qc1 Bd4 37. Nexd4 cxd4 38. Ne5 Nxf4 39. Rxf4 Qxe5 40. Ref1 d3
0-1

[Event "20th NATO Chess Ch"]
[Site "?"]
[Date "2009.06.18"]
[Round "5.20"]
[White "Nielsen, Rene"]
[Black "Prevot, Jean-Luc"]
[Result "1-0"]
[WhiteElo "2187"]
[BlackElo "2119"]
[PlyCount "61"]
[SourceDate "2000.01.03"]

1. e4 c6 2. d4 d5 3. Nd2 dxe4 4. Nxe4 Bf5 5. Ng3 Bg6 6. h4 h6 7. Nf3 Nd7 8. Bd3
Bxd3 9. Qxd3 e6 10. Bd2 Ngf6 11. O-O-O a5 12. Ne4 Nxe4 13. Qxe4 Nf6 14. Qe2 Qd5
15. c4 Qe4 16. Qxe4 Nxe4 17. Be3 Nf6 18. Ne5 Bd6 19. f3 Rc8 20. g4 c5 21. b3
Nd5 22. dxc5 Bxc5 23. Bd4 Nf6 24. Rhe1 Bb4 25. Re2 O-O 26. g5 hxg5 27. hxg5 Nh7
28. Rh2 Bd6 29. Rdh1 f6 30. g6 Rfd8 31. gxh7+ 1-0

[Event "20th NATO Chess Ch"]
[Site "?"]
[Date "2009.06.18"]
[Round "5.21"]
[White "Mottais, Francois"]
[Black "Skindzier, Saturnin"]
[Result "1/2-1/2"]
[WhiteElo "2054"]
[BlackElo "2186"]
[PlyCount "59"]
[SourceDate "2000.01.03"]

1. d4 Nf6 2. c4 e6 3. Nc3 d5 4. Nf3 Be7 5. Bg5 O-O 6. e3 Nbd7 7. cxd5 exd5 8.
Bd3 c6 9. Qc2 Re8 10. h4 Nf8 11. O-O-O b5 12. Kb1 a5 13. Rc1 a4 14. Ne5 Bb7 15.
Nxb5 cxb5 16. Bxb5 a3 17. Bxe8 Qxe8 18. b3 Ne6 19. f4 Ne4 20. Bxe7 Qxe7 21. f5
Rc8 22. fxe6 Rxc2 23. exf7+ Qxf7 24. Nxf7 Rb2+ 25. Ka1 Kxf7 26. Rc7+ Kg6 27.
Rhc1 Rxg2 28. Kb1 Rb2+ 29. Ka1 Rg2 30. Kb1 1/2-1/2

[Event "20th NATO Chess Ch"]
[Site "?"]
[Date "2009.06.18"]
[Round "5.23"]
[White "Silva, Jose Luis"]
[Black "Toll , Alec"]
[Result "1-0"]
[WhiteElo "2159"]
[BlackElo "2084"]
[PlyCount "71"]
[SourceDate "2000.01.03"]

1. d4 e5 2. dxe5 Nc6 3. Nf3 Qe7 4. Nc3 Nxe5 5. Nd5 Nxf3+ 6. gxf3 Qd8 7. Bf4 d6
8. Qd4 c6 9. Nc3 Qf6 10. Qd2 d5 11. e4 Bb4 12. Bg5 Qxf3 13. Rg1 Bxc3 14. bxc3
Qxe4+ 15. Be3 Bg4 16. Rb1 Nf6 17. Rxb7 O-O 18. Rb4 Qe6 19. Bd3 c5 20. Rf4 Rab8
21. Rgxg4 Rb1+ 22. Ke2 Nxg4 23. Bf5 Qa6+ 24. Bd3 c4 25. Bxh7+ Kxh7 26. Rxg4 Qf6
27. Qxd5 Qxc3 28. Qxc4 Qe1+ 29. Kf3 Qd1+ 30. Kg2 Qh1+ 31. Kh3 Kg8 32. Qf4 Qf1+
33. Kh4 Qa6 34. Bd4 f6 35. Qc7 Rb7 36. Qc5 1-0

[Event "20th NATO Chess Ch"]
[Site "?"]
[Date "2009.06.18"]
[Round "5.26"]
[White "Picart, Laurent"]
[Black "Tezcan, Emre"]
[Result "1-0"]
[WhiteElo "2148"]
[BlackElo "2039"]
[PlyCount "102"]
[SourceDate "2000.01.03"]

1. d4 Nf6 2. c4 g6 3. Nc3 Bg7 4. e4 d6 5. Nge2 O-O 6. Ng3 e5 7. d5 a5 8. Be2
Na6 9. h4 h6 10. h5 g5 11. Rb1 c6 12. O-O Kh8 13. Be3 c5 14. a3 Ng8 15. Bg4 Ne7
16. Nf5 Nxf5 17. Bxf5 Bxf5 18. exf5 Qd7 19. Qf3 f6 20. b3 Nc7 21. b4 axb4 22.
axb4 Ra3 23. Bc1 g4 24. Qd3 Rxc3 25. Qxc3 Qxf5 26. Be3 b6 27. bxc5 bxc5 28. Rb7
Ne8 29. Qa5 Qxh5 30. f4 g3 31. Re1 exf4 32. Bxf4 Qh2+ 33. Kf1 Qh1+ 34. Ke2
Qxg2+ 35. Kd3 Qf3+ 36. Be3 f5 37. Kc2 f4 38. Bd2 Qg4 39. Bc3 Nf6 40. Ree7 Qg6+
41. Kb3 g2 42. Rxg7 Qxg7 43. Rxg7 Kxg7 44. Qa1 f3 45. Qe1 Rf7 46. Qe3 Kg8 47.
Kc2 Nh7 48. Qf2 Ng5 49. Kd3 Nh3 50. Qg3+ Kh7 51. Qe1 f2 1-0

[Event "20th NATO Chess Ch"]
[Site "?"]
[Date "2009.06.18"]
[Round "5.27"]
[White "Oltean, Gusztav"]
[Black "Barquin, Benjamin"]
[Result "1-0"]
[WhiteElo "2133"]
[BlackElo "2019"]
[PlyCount "73"]
[SourceDate "2000.01.03"]

1. d4 e6 2. Nf3 b6 3. e4 Bb7 4. Nc3 Bb4 5. Bd3 Nf6 6. Qe2 h6 7. Bd2 d6 8. a3
Bxc3 9. Bxc3 Nbd7 10. O-O Qe7 11. e5 Nd5 12. Bd2 dxe5 13. dxe5 g5 14. c4 Nf4
15. Bxf4 gxf4 16. Be4 O-O-O 17. Bxb7+ Kxb7 18. Qe4+ Kb8 19. Qxf4 Rdg8 20. b4 h5
21. h3 Rg6 22. Rfc1 Rhg8 23. g3 c5 24. b5 Kc8 25. a4 f6 26. Qe4 Nb8 27. a5 f5
28. Qf4 Qb7 29. axb6 axb6 30. Rd1 Qe4 31. Qxe4 fxe4 32. Nd2 Rd8 33. Nxe4 Rxd1+
34. Rxd1 Nd7 35. f4 Kc7 36. Kf2 Rg8 37. Rxd7+ 1-0

[Event "20th NATO Chess Ch"]
[Site "?"]
[Date "2009.06.18"]
[Round "5.28"]
[White "Nielsen, Terje"]
[Black "Gooris, Jan"]
[Result "0-1"]
[WhiteElo "2022"]
[BlackElo "2132"]
[PlyCount "116"]
[SourceDate "2000.01.03"]

1. Nf3 g6 2. g3 Bg7 3. Bg2 Nf6 4. O-O O-O 5. d3 c5 6. c4 Nc6 7. Nc3 a6 8. Bd2
Rb8 9. a4 b6 10. Rb1 Nb4 11. Ne1 Bb7 12. Ne4 Nxe4 13. dxe4 d6 14. Nc2 Nc6 15.
Ne3 e6 16. h4 Qd7 17. g4 Nd4 18. b4 Bc6 19. b5 axb5 20. axb5 Bb7 21. Nc2 Ra8
22. e3 Nxc2 23. Qxc2 Qe7 24. g5 f6 25. f4 fxg5 26. hxg5 Ra3 27. Rb3 Ra4 28. Qd3
e5 29. Bc3 Bc8 30. Rd1 Rd8 31. Bxe5 Bxe5 32. fxe5 Qxe5 33. Qd5+ Qxd5 34. cxd5
Re8 35. Rf1 Re5 36. Rf6 Rxg5 37. Rb2 Rb4 38. Rbf2 Bh3 39. Rxd6 Rxb5 40. Rd8+
Kg7 41. Kh2 Bxg2 42. Rxg2 Rxg2+ 43. Kxg2 Rb2+ 44. Kf1 c4 45. Rc8 b5 46. d6 Rd2
47. e5 Kf7 48. e4 Rd4 49. Rc7+ Ke8 50. Rxh7 c3 51. Rh8+ Kd7 52. Rh7+ Ke8 53.
Rh8+ Kf7 54. Rh7+ Kg8 55. Rc7 b4 56. d7 Rxd7 57. Rxd7 c2 58. Rc7 b3 0-1

[Event "20th NATO Chess Ch"]
[Site "?"]
[Date "2009.06.18"]
[Round "5.29"]
[White "Serralta, Michel"]
[Black "Adkins, James"]
[Result "1-0"]
[WhiteElo "2125"]
[BlackElo "2015"]
[PlyCount "93"]
[SourceDate "2000.01.03"]

1. d4 Nf6 2. c4 e5 3. dxe5 Ng4 4. Bf4 Bb4+ 5. Nd2 Nc6 6. Ngf3 Qe7 7. e3 Ngxe5
8. Nxe5 Nxe5 9. a3 Bxd2+ 10. Qxd2 d6 11. Be2 Ng6 12. Bg3 O-O 13. O-O Be6 14.
Qc3 Rad8 15. Rfd1 b6 16. Rd2 f5 17. Rad1 f4 18. exf4 Nxf4 19. Bf3 Qf7 20. Re1
Bc8 21. Bxf4 Qxf4 22. Bd5+ Kh8 23. Re7 Qg5 24. Rxc7 Rde8 25. Rd1 Re2 26. Qf3
Ree8 27. Rf7 Rxf7 28. Qxf7 Qe5 29. h3 Bf5 30. Qh5 g6 31. Qh4 Qxb2 32. Bc6 Rf8
33. Qe7 Qf6 34. Qxd6 Qxd6 35. Rxd6 Rf7 36. Bd5 Rc7 37. g4 Bd7 38. Rf6 Bc8 39.
Rf8+ Kg7 40. Rg8+ Kf6 41. f4 Bb7 42. g5+ Ke7 43. Rg7+ Kd6 44. Rxc7 Kxc7 45.
Bxb7 Kxb7 46. f5 gxf5 47. h4 1-0

[Event "20th NATO Chess Ch"]
[Site "?"]
[Date "2009.06.18"]
[Round "5.30"]
[White "Geroly, Jozsef"]
[Black "Franck, Boris"]
[Result "0-1"]
[WhiteElo "1978"]
[BlackElo "2122"]
[PlyCount "76"]
[SourceDate "2000.01.03"]

1. Nf3 g6 2. e4 Bg7 3. d4 d6 4. Bc4 e6 5. Nc3 Ne7 6. Be3 d5 7. Be2 Nbc6 8. Qd2
h6 9. e5 Nf5 10. a3 Nxe3 11. Qxe3 h5 12. h4 Bh6 13. Ng5 Ne7 14. Bd3 Nf5 15.
Bxf5 gxf5 16. f4 c5 17. O-O-O cxd4 18. Qxd4 Bd7 19. Qd3 Qa5 20. Qd2 Rc8 21.
Nce4 Qxd2+ 22. Nxd2 Bf8 23. Nb3 b6 24. Nd4 Rc4 25. Rd3 Bc5 26. Rhd1 Ke7 27. c3
b5 28. Ngf3 Ra4 29. Kb1 Rg8 30. Ng5 Rh8 31. Nxf5+ Kf8 32. Nd4 a5 33. Rf1 Ke7
34. f5 Bxd4 35. fxe6 Bxe6 36. Rxd4 Rxd4 37. cxd4 Rc8 38. Re1 Bf5+ 0-1

[Event "20th NATO Chess Ch"]
[Site "?"]
[Date "2009.06.18"]
[Round "5.31"]
[White "Engelen, Johan"]
[Black "Delforge, Guy"]
[Result "1/2-1/2"]
[WhiteElo "1981"]
[BlackElo "2173"]
[PlyCount "96"]
[SourceDate "2000.01.03"]

1. e4 g6 2. d4 Bg7 3. Nc3 c6 4. Be3 d5 5. Nf3 Bg4 6. Qd2 dxe4 7. Nxe4 Bxf3 8.
gxf3 Nd7 9. O-O-O Ndf6 10. Nxf6+ Nxf6 11. Bh6 Bxh6 12. Qxh6 Qd5 13. Kb1 Qxf3
14. Bh3 Qh5 15. Qe3 e6 16. Bxe6 O-O 17. Bb3 Nd5 18. Bxd5 Qxd5 19. Qe5 Qxe5 20.
dxe5 Rad8 21. Kc1 Kg7 22. Rhe1 Rfe8 23. Re3 Rxd1+ 24. Kxd1 g5 25. Ke2 Kg6 26.
Kd3 Re7 27. Kd4 Rd7+ 28. Kc3 Rd5 29. e6 fxe6 30. Rxe6+ Kf7 31. Rh6 Kg7 32. Re6
Rd7 33. f3 h5 34. Re4 Kg6 35. Re8 Rf7 36. Re3 Rf4 37. Kd3 Rf7 38. Ke2 Kf5 39.
Kf2 g4 40. fxg4+ hxg4 41. h3 gxh3 42. Rxh3 Kg4+ 43. Kg2 Re7 44. Rg3+ Kf4 45.
Rf3+ Ke4 46. Kf2 Rh7 47. Re3+ Kd4 48. Rd3+ Kc5 1/2-1/2

[Event "20th NATO Chess Ch"]
[Site "?"]
[Date "2009.06.18"]
[Round "5.33"]
[White "Kersic, Matej"]
[Black "Erhan, Ersin"]
[Result "1-0"]
[WhiteElo "2142"]
[BlackElo "1928"]
[PlyCount "49"]
[SourceDate "2000.01.03"]

1. e4 e5 2. Nf3 Nc6 3. d4 exd4 4. Bc4 Bc5 5. c3 dxc3 6. Bxf7+ Kxf7 7. Qd5+ Ke8
8. Qxc5 d6 9. Qxc3 Qf6 10. O-O Bg4 11. e5 Qg6 12. exd6 cxd6 13. Bf4 Rd8 14.
Nbd2 Nge7 15. Bg3 Rf8 16. Rfe1 Rf7 17. b4 Qf6 18. Qb3 Nd4 19. Nxd4 Qxd4 20. Ne4
h6 21. h3 Bh5 22. Qe6 Qxb4 23. Rab1 Qa3 24. Nxd6+ Kf8 25. Rxb7 1-0

[Event "20th NATO Chess Ch"]
[Site "?"]
[Date "2009.06.18"]
[Round "5.34"]
[White "Szczesniak, Andrzej"]
[Black "Hunter, Terry"]
[Result "1-0"]
[WhiteElo "2087"]
[BlackElo "1692"]
[PlyCount "86"]
[SourceDate "2000.01.03"]

1. c4 Nf6 2. Nc3 g6 3. g3 d6 4. Bg2 Bg7 5. e4 e5 6. Nge2 O-O 7. O-O Nh5 8. d4
Nc6 9. d5 Ne7 10. f4 f5 11. fxe5 Bxe5 12. Bh6 Bg7 13. Bxg7 Nxg7 14. Qd2 Kh8 15.
Qd4 Ng8 16. e5 dxe5 17. Qxe5 Qe7 18. Qxe7 Nxe7 19. Nd4 f4 20. Rxf4 Rxf4 21.
gxf4 Bd7 22. Re1 Nef5 23. Nf3 Nh5 24. Ne5 Be8 25. c5 Nxf4 26. Be4 a6 27. Rf1
Nh3+ 28. Kh1 Bb5 29. Nxb5 axb5 30. Bxf5 gxf5 31. Rxf5 Rg8 32. Rf1 h6 33. d6
cxd6 34. cxd6 Ng5 35. Nf7+ Kg7 36. Nxg5 hxg5 37. Rf5 Kg6 38. Rxb5 Rg7 39. Rd5
Rd7 40. Kg2 Kf6 41. Kg3 Ke6 42. Rd2 Rxd6 43. Rxd6+ Kxd6 1-0

[Event "20th NATO Chess Ch"]
[Site "?"]
[Date "2009.06.18"]
[Round "5.35"]
[White "Cheung, Jan"]
[Black "Denner, Philip"]
[Result "1-0"]
[WhiteElo "2080"]
[BlackElo "1648"]
[PlyCount "59"]
[SourceDate "2000.01.03"]

1. d4 d5 2. c4 e6 3. Nf3 Nf6 4. g3 c6 5. Bg2 Bd6 6. Qc2 Nbd7 7. O-O O-O 8. b3
b6 9. Bb2 Bb7 10. Nc3 Rc8 11. e4 dxe4 12. Nxe4 Nxe4 13. Qxe4 Nf6 14. Qe2 c5 15.
Rad1 Qc7 16. d5 Rfe8 17. Bxf6 gxf6 18. Qd2 Rcd8 19. Qh6 Be5 20. Rfe1 exd5 21.
Nxe5 Rxe5 22. Qxf6 Rxe1+ 23. Rxe1 dxc4 24. Re7 Rd1+ 25. Bf1 Qxe7 26. Qxe7 cxb3
27. Qxb7 bxa2 28. Qc8+ Kg7 29. Qg4+ Kf8 30. Qxd1 1-0

[Event "20th NATO Chess Ch"]
[Site "?"]
[Date "2009.06.18"]
[Round "5.36"]
[White "Harwood, Duncan"]
[Black "Pedersen, Lars Erik"]
[Result "0-1"]
[WhiteElo "1800"]
[BlackElo "2049"]
[PlyCount "158"]
[SourceDate "2000.01.03"]

1. e4 c5 2. Nf3 d6 3. d4 cxd4 4. Nxd4 Nf6 5. Nc3 a6 6. Bc4 e6 7. Bb3 b5 8. O-O
Be7 9. f4 Bb7 10. e5 dxe5 11. fxe5 Bc5 12. Be3 Nc6 13. exf6 Bxd4 14. Bxd4 Qxd4+
15. Qxd4 Nxd4 16. fxg7 Rg8 17. Rf4 Rd8 18. Rf2 Rxg7 19. Kf1 Ke7 20. Rd1 h5 21.
Rdd2 Rg4 22. Nd1 h4 23. c3 Nxb3 24. Rxd8 Kxd8 25. axb3 Ke7 26. Ne3 Re4 27. Ke2
f5 28. g3 hxg3 29. hxg3 Kf6 30. Kd3 Kg5 31. Rf1 Bd5 32. c4 Bb7 33. Rf2 Kf6 34.
Rf1 Ke5 35. Rf2 Rd4+ 36. Kc3 Be4 37. Rd2 Rxd2 38. Kxd2 Kd4 39. cxb5 axb5 40. b4
e5 41. b3 f4 42. gxf4 exf4 43. Nd1 Bc6 44. Nf2 Bd5 45. Nd3 Ke4 46. Nf2+ Kf3 47.
Nd3 Bxb3 48. Ne1+ Kg3 49. Nd3 f3 50. Ke3 Bc4 51. Nf2 Kg2 52. Ng4 Be2 53. Nf2
Kf1 54. Ne4 Ke1 55. Nf2 Kf1 56. Ne4 Kg1 57. Ng3 Bd1 58. Ne4 Kg2 59. Nf2 Be2 60.
Ne4 Bc4 61. Nf2 Bd5 62. Nd3 Kf1 63. Ne5 Ke1 64. Nd3+ Kd1 65. Nf2+ Kc2 66. Kd4
Bc4 67. Ne4 Be2 68. Kc5 Kd3 69. Nf2+ Ke3 70. Ng4+ Kf4 71. Nf2 Kg3 72. Ne4+ Kg2
73. Nd2 f2 74. Kd4 f1=Q 75. Nxf1 Bxf1 76. Ke3 Bc4 77. Kd4 Kf3 78. Kc5 Ke3 79.
Kd6 Kd4 0-1

[Event "20th NATO Chess Ch"]
[Site "?"]
[Date "2009.06.18"]
[Round "5.37"]
[White "Christen, Pierre"]
[Black "Dekker, Ard"]
[Result "1-0"]
[WhiteElo "2024"]
[BlackElo "1880"]
[PlyCount "87"]
[SourceDate "2000.01.03"]

1. Nf3 Nf6 2. c4 c5 3. g3 g6 4. Bg2 Bg7 5. O-O Nc6 6. d4 cxd4 7. Nxd4 O-O 8.
Nc3 Nxd4 9. Qxd4 d6 10. Qd3 Rb8 11. e4 b6 12. Rd1 Bb7 13. e5 Ne8 14. Bf4 Bxg2
15. Kxg2 g5 16. Bxg5 Bxe5 17. Nd5 Rb7 18. Qe2 f5 19. Nxe7+ Rxe7 20. Qxe5 Rxe5
21. Bxd8 Re2 22. b3 Nf6 23. Bxf6 Rxf6 24. Re1 Rxe1 25. Rxe1 Kf7 26. Kf3 Kf8 27.
Kf4 h6 28. Re2 Kf7 29. Rd2 Ke7 30. h4 Kf7 31. a4 Ke7 32. Rd5 Ke6 33. Rd2 Ke7
34. Re2+ Kf7 35. Ra2 Ke6 36. a5 Rf7 37. axb6 axb6 38. Re2+ Kd7 39. Rd2 Ke6 40.
Rd5 Kd7 41. Rxf5 Re7 42. Kg4 Re2 43. Kh5 Rb2 44. Rf3 1-0

[Event "20th NATO Chess Ch"]
[Site "?"]
[Date "2009.06.18"]
[Round "5.38"]
[White "Ola, Nathaniel"]
[Black "Le Fevre, Stephen"]
[Result "1-0"]
[WhiteElo "1975"]
[BlackElo "1864"]
[PlyCount "89"]
[SourceDate "2000.01.03"]

1. e4 c5 2. Nc3 d6 3. g3 g6 4. Bg2 Bg7 5. d3 Nf6 6. h3 Nc6 7. Be3 Nd4 8. Qd2 h5
9. Nd1 a5 10. c3 Nc6 11. f4 Nd7 12. Nf3 a4 13. O-O a3 14. b3 Qa5 15. Rc1 f5 16.
Nh4 Nf8 17. Nf2 Bd7 18. Rfe1 O-O-O 19. b4 Qa7 20. bxc5 dxc5 21. exf5 gxf5 22.
Rb1 Bf6 23. Rb5 Ne6 24. Nxf5 Na5 25. Rbb1 Nc7 26. Be4 Rdg8 27. Kh2 Nb5 28. Nd1
e6 29. Rxb5 Bxb5 30. Nd6+ Kd7 31. Nxb5 Qb6 32. Nxa3 Qd6 33. Rg1 b6 34. Qb2 Rg7
35. Qb5+ Kc7 36. Nc4 Nxc4 37. Qxc4 Rhg8 38. d4 Be7 39. Nf2 Kd7 40. dxc5 Qc7 41.
Qb5+ Kc8 42. cxb6 Qxc3 43. Rc1 Qxc1 44. Bxc1 Rxg3 45. Qc6+ 1-0

[Event "20th NATO Chess Ch"]
[Site "?"]
[Date "2009.06.18"]
[Round "5.39"]
[White "Van Dusen, Eric"]
[Black "Parisse, Denis"]
[Result "0-1"]
[WhiteElo "1881"]
[BlackElo "1960"]
[PlyCount "84"]
[SourceDate "2000.01.03"]

1. d4 Nf6 2. Nf3 e6 3. e3 c5 4. Bd3 Nc6 5. O-O b6 6. c4 Bb7 7. Nc3 Be7 8. d5
exd5 9. cxd5 Nb4 10. e4 Nxd3 11. Qxd3 d6 12. Re1 O-O 13. h3 Re8 14. Bf4 a6 15.
a4 Nd7 16. Rad1 f6 17. Bh2 Ne5 18. Qe2 Qc7 19. Nh4 Rad8 20. Nf5 Bf8 21. Bxe5
fxe5 22. Qc4 g6 23. Ne3 Bg7 24. Ne2 Rf8 25. Rf1 Rf7 26. Qb3 a5 27. Nc3 Ba6 28.
Nb5 Qb8 29. h4 Rf4 30. h5 Rxe4 31. hxg6 hxg6 32. Qd3 Rf4 33. Qxg6 Rf6 34. Qg5
Bxb5 35. Nf5 Rxf5 36. Qxf5 Bxf1 37. Kxf1 Qc7 38. Rd3 Qf7 39. Qg5 Rf8 40. f3 Qf5
41. Qd2 e4 42. Rb3 exf3 0-1

[Event "20th NATO Chess Ch"]
[Site "?"]
[Date "2009.06.18"]
[Round "5.40"]
[White "Mankauskas, Donatas"]
[Black "Vercauteren, Daniel"]
[Result "1-0"]
[WhiteElo "1950"]
[BlackElo "1686"]
[PlyCount "29"]
[SourceDate "2000.01.03"]

1. d4 Nf6 2. c4 e6 3. Nf3 b6 4. Bg5 Bb7 5. e3 Be7 6. Nc3 O-O 7. Bd3 d5 8. O-O
dxc4 9. Bxc4 Ba6 10. Bxa6 Nxa6 11. Qa4 Nb8 12. Rac1 Nbd7 13. Qc6 Ne8 14. Bxe7
Qxe7 15. Qxa8 1-0

[Event "20th NATO Chess Ch"]
[Site "?"]
[Date "2009.06.18"]
[Round "5.41"]
[White "Cappon, Kaan"]
[Black "Cuadrado, Lopez Francisco Jav"]
[Result "1-0"]
[WhiteElo "1877"]
[BlackElo "1941"]
[PlyCount "66"]
[SourceDate "2000.01.03"]

1. e4 g6 2. d4 Bg7 3. Nc3 c6 4. Nf3 d6 5. Bc4 Nf6 6. Be3 O-O 7. Qd2 b5 8. Bd3
a5 9. O-O Ba6 10. Ne2 Nbd7 11. Ng3 c5 12. c3 c4 13. Bc2 Rb8 14. a3 Ng4 15. Rfd1
Nxe3 16. Qxe3 Nf6 17. e5 Nd5 18. Qe1 Bb7 19. exd6 exd6 20. Qd2 Qd7 21. Re1 Rfe8
22. Rxe8+ Rxe8 23. Re1 Rxe1+ 24. Qxe1 Nf4 25. Be4 d5 26. Bc2 f6 27. Ne2 Nxg2
28. Kxg2 Bc8 29. Neg1 Qg4+ 30. Kf1 Kf7 31. Qe3 Qh5 32. Qf4 Bg4 33. Ne5+ Ke6 1-0

[Event "20th NATO Chess Ch"]
[Site "?"]
[Date "2009.06.18"]
[Round "5.44"]
[White "Murray, Brian"]
[Black "Kocur, Marc"]
[Result "0-1"]
[WhiteElo "1571"]
[BlackElo "1919"]
[PlyCount "88"]
[SourceDate "2000.01.03"]

1. e4 d6 2. d4 Nf6 3. Nc3 Nbd7 4. Nf3 e5 5. Bb5 c6 6. Bd3 Be7 7. Bg5 h6 8. Bh4
Qc7 9. Bc4 b5 10. dxe5 dxe5 11. Bd3 b4 12. Na4 c5 13. Bc4 Bb7 14. Bd5 Nxd5 15.
exd5 Qd6 16. c4 g5 17. Bg3 f5 18. h3 f4 19. Bh2 Qg6 20. Nd2 Qd3 21. b3 Nf6 22.
Nb2 Qd4 23. Qc2 Qc3 24. Rc1 Qxc2 25. Rxc2 Bc8 26. f3 Bf5 27. Rc1 Bd6 28. g4 Bg6
29. O-O h5 30. Rce1 Kf7 31. Ne4 Bxe4 32. fxe4 hxg4 33. Kg2 gxh3+ 34. Kh1 Rh4
35. Nd3 Rg4 36. Rg1 Rh8 37. Nf2 Rxg1+ 38. Rxg1 g4 39. Nxg4 Nxe4 40. Rf1 Kg6 41.
Kg1 Kh5 42. Nf2 Rg8+ 43. Kh1 Ng3+ 44. Bxg3 fxg3 0-1

[Event "20th NATO Chess Ch"]
[Site "?"]
[Date "2009.06.18"]
[Round "5.45"]
[White "Barta, Csaba"]
[Black "Ghiacy, Jelani"]
[Result "1-0"]
[WhiteElo "1903"]
[BlackElo "1517"]
[PlyCount "71"]
[SourceDate "2000.01.03"]

1. d4 g6 2. e4 d6 3. c3 Bg7 4. Nf3 a6 5. Bc4 h6 6. Be3 b5 7. Bd3 e6 8. a4 c6 9.
Nbd2 Nf6 10. h3 O-O 11. axb5 cxb5 12. Bxb5 Qb6 13. Bd3 Qxb2 14. Rc1 Qb7 15. O-O
Bd7 16. Qe2 Qc7 17. c4 a5 18. c5 d5 19. e5 Ne8 20. Nb1 Nc6 21. Bb5 Qb7 22. Na3
Nc7 23. Rb1 Nxb5 24. Nxb5 Qa6 25. Qd2 Rfc8 26. Nd6 Rcb8 27. Bxh6 Rxb1 28. Rxb1
Ne7 29. Bxg7 Kxg7 30. Qf4 Rf8 31. Qf6+ Kg8 32. Qxe7 Qa8 33. Qxd7 a4 34. c6 a3
35. c7 a2 36. Ra1 1-0

[Event "20th NATO Chess Ch"]
[Site "?"]
[Date "2009.06.18"]
[Round "5.46"]
[White "Papler, Peter"]
[Black "Lukjanovas, Vladas"]
[Result "0-1"]
[WhiteElo "1500"]
[BlackElo "1902"]
[PlyCount "22"]
[SourceDate "2000.01.03"]

1. e4 d5 2. e5 d4 3. Nf3 c5 4. Bb5+ Bd7 5. Qe2 e6 6. O-O Ne7 7. c3 dxc3 8. Nxc3
a6 9. Ba4 Bxa4 10. d4 cxd4 11. Ne4 Bb5 0-1

[Event "20th NATO Chess Ch"]
[Site "?"]
[Date "2009.06.18"]
[Round "5.47"]
[White "Emmins, Karl"]
[Black "Ulusoy, Mustafa"]
[Result "0-1"]
[WhiteElo "1616"]
[BlackElo "1737"]
[PlyCount "96"]
[SourceDate "2000.01.03"]

1. e4 e6 2. d4 d5 3. e5 c5 4. c3 Nc6 5. Nf3 Qb6 6. a3 Bd7 7. Be2 cxd4 8. cxd4
Nge7 9. Nc3 Ng6 10. O-O Be7 11. b4 O-O 12. Re1 f6 13. exf6 Bxf6 14. Na4 Qc7 15.
Nc5 b6 16. Nxd7 Qxd7 17. Bb5 a6 18. Bxc6 Qxc6 19. Bg5 Rac8 20. Rc1 Qd7 21. Rxc8
Rxc8 22. Qe2 Kf7 23. Qxa6 b5 24. Rc1 Rxc1+ 25. Bxc1 Qc7 26. Be3 Qc3 27. g3 Qd3
28. a4 Qd1+ 29. Kg2 Qxa4 30. Qxa4 bxa4 31. Bc1 Ne7 32. b5 Nc8 33. Ne5+ Bxe5 34.
dxe5 Ke7 35. Ba3+ Kd7 36. Bc5 Kc7 37. f4 Nb6 38. h4 Nc4 39. Kf2 a3 40. Bd4 a2
41. Ke2 Na5 42. g4 Nb3 43. Bb2 a1=Q 44. Bxa1 Nxa1 45. f5 exf5 46. gxf5 Nb3 47.
b6+ Kxb6 48. e6 Nd4+ 0-1

[Event "20th NATO Chess Ch"]
[Site "?"]
[Date "2009.06.18"]
[Round "5.1"]
[White "Sypien, Mateusz"]
[Black "Schenk, Andreas"]
[Result "1/2-1/2"]
[WhiteElo "2245"]
[BlackElo "2507"]
[PlyCount "86"]
[EventDate "2009.06.18"]
[SourceDate "2000.01.03"]

1. c4 e5 2. Nc3 Nf6 3. g3 Bb4 4. Nd5 Nxd5 5. cxd5 O-O 6. Bg2 c6 7. a3 Bc5 8. e3
cxd5 9. Bxd5 Nc6 10. Ne2 Bb6 11. O-O Ne7 12. Bg2 d5 13. d3 Bg4 14. h3 Be6 15.
b4 Qd7 16. Kh2 Rac8 17. Bb2 Bc7 18. Qd2 Bd6 19. Rac1 f6 20. Rxc8 Rxc8 21. Rc1
Kf8 22. Rxc8+ Qxc8 23. Qc3 Qd7 24. Qc2 h6 25. Nc3 Ke8 26. Qa4 Qxa4 27. Nxa4 Kd7
28. Nc3 Kc6 29. Kg1 Bc7 30. Kf1 a5 31. bxa5 Bxa5 32. Ke2 g5 33. Kd1 Bc7 34. Kc2
Bd6 35. a4 Kd7 36. Nb5 Bb4 37. Bc3 Bxc3 38. Kxc3 Nc6 39. d4 e4 40. Na3 h5 41.
Nb5 h4 42. gxh4 gxh4 43. Kb3 Nd8 1/2-1/2

[Event "20th NATO Chess Ch"]
[Site "?"]
[Date "2009.06.18"]
[Round "5.12"]
[White "Nielsen, Jan Mose"]
[Black "Karbowiak, Adam"]
[Result "0-1"]
[WhiteElo "2099"]
[BlackElo "2217"]
[PlyCount "120"]
[SourceDate "2000.01.03"]

1. d4 g6 2. c4 Nf6 3. Nc3 Bg7 4. e4 d6 5. f3 O-O 6. Be3 c5 7. dxc5 dxc5 8. Qxd8
Rxd8 9. Bxc5 Nc6 10. Nge2 Nd7 11. Be3 Nde5 12. Nf4 Nb4 13. Kf2 Nc2 14. Rd1 Rxd1
15. Nxd1 Nxe3 16. Nxe3 Nc6 17. b3 Bd4 18. Bd3 e6 19. Rd1 Bc5 20. Bb1 a5 21. Nd3
Bd4 22. Ke2 b6 23. Nc2 Bc3 24. Nf2 Ba6 25. Rd6 Rc8 26. a4 Rc7 27. f4 e5 28. g3
Bc8 29. Ke3 Kf8 30. Nd1 Ke7 31. Rd5 exf4+ 32. gxf4 Bg7 33. Nf2 Rd7 34. e5 g5
35. fxg5 Bxe5 36. Ng4 Rxd5 37. cxd5 Bxg4 38. dxc6 Bf5 39. h3 Kd6 40. Na3 Bxb1
41. Nxb1 Kxc6 42. Ke4 Bb2 43. Nd2 Bc1 44. Nc4 Bxg5 45. Ne5+ Kc5 46. Nxf7 Bf6
47. Kd3 Kd5 48. Nh6 Bg5 49. Ng4 Bd8 50. Ke3 h5 51. Nh2 Bg5+ 52. Kd3 Ke5 53.
Nf3+ Kf4 54. Ke2 Bf6 55. Nd2 Bd4 56. Kd3 Bg1 57. Ke2 Kg3 58. Nf3 Bc5 59. Ng5
Be7 60. Ne6 Kxh3 0-1

[Event "20th NATO Chess Ch"]
[Site "?"]
[Date "2009.06.18"]
[Round "5.15"]
[White "Demjen, Attila"]
[Black "De Waard, Marco"]
[Result "1-0"]
[WhiteElo "2046"]
[BlackElo "2160"]
[PlyCount "63"]
[SourceDate "2000.01.03"]

1. e4 d5 2. exd5 Qxd5 3. Nc3 Qd6 4. Nf3 Nf6 5. a3 Bg4 6. Be2 a6 7. h3 Bh5 8.
O-O e6 9. b4 Be7 10. Bb2 Nbd7 11. d4 Rd8 12. Nb1 b5 13. Nbd2 Nb6 14. Rc1 Nfd5
15. c4 bxc4 16. Nxc4 Nxc4 17. Qa4+ Kf8 18. Rxc4 Nb6 19. Qxa6 Nxc4 20. Qxc4 Bxf3
21. Bxf3 Qf4 22. Bc1 Rxd4 23. Qb5 Qd6 24. Be3 Qd7 25. Bc6 Qd8 26. Bxd4 Qxd4 27.
Qb8+ Qd8 28. Qxd8+ Bxd8 29. Rd1 Ke7 30. a4 Kf6 31. a5 Be7 32. a6 1-0

[Event "20th NATO Chess Ch"]
[Site "?"]
[Date "2009.06.18"]
[Round "5.17"]
[White "Krainski, Jaroslaw"]
[Black "Nielsen, Henrik"]
[Result "1-0"]
[WhiteElo "2072"]
[BlackElo "2011"]
[PlyCount "83"]
[SourceDate "2000.01.03"]

1. e4 c5 2. Nf3 Nc6 3. d4 cxd4 4. Nxd4 e5 5. Nb5 a6 6. Nd6+ Bxd6 7. Qxd6 Qf6 8.
Qxf6 Nxf6 9. Nc3 d5 10. Nxd5 Nxd5 11. exd5 Nb4 12. Kd1 Nxd5 13. c4 Nb4 14. a3
Nc6 15. Kd2 Bf5 16. Kc3 O-O-O 17. Be3 Nd4 18. Rc1 Rd7 19. b4 Rhd8 20. a4 b6 21.
c5 Kb7 22. Kb2 Rc7 23. cxb6 Rxc1 24. Kxc1 Kxb6 25. Kd2 Kb7 26. Bc4 Nc2+ 27. Kc3
Nxe3 28. fxe3 f6 29. g4 Bxg4 30. Rg1 h5 31. h3 Bxh3 32. Rxg7+ Rd7 33. Rg6 Rd6
34. e4 Bd7 35. Rg7 h4 36. Bd5+ Kc7 37. Kc4 h3 38. Kc5 Rb6 39. Rh7 Rb8 40. Be6
Rd8 41. Bxh3 Kc8 42. Bxd7+ 1-0

[Event "20th NATO Chess Ch"]
[Site "?"]
[Date "2009.06.18"]
[Round "5.24"]
[White "L'Henoret, Thierry"]
[Black "Wagenaar, Harm Theo"]
[Result "1-0"]
[WhiteElo "2158"]
[BlackElo "2070"]
[PlyCount "35"]
[SourceDate "2000.01.03"]

1. e4 d5 2. exd5 Qxd5 3. Nc3 Qa5 4. d4 c6 5. Nf3 Nf6 6. Bc4 Bf5 7. Bd2 e6 8. d5
Qc5 9. dxc6 Nxc6 10. Qe2 Bg4 11. Nb5 Qb6 12. Bf4 Rc8 13. O-O-O a6 14. Nd6+ Bxd6
15. Bxd6 Bxf3 16. gxf3 Nd4 17. Rxd4 Qxd4 18. Bxe6 1-0